[Event "Hoogovens"]
[Site "Wijk aan Zee"]
[Date "1997.02.02"]
[Round "13"]
[White "Timman, Jan H"]
[Black "Lautier, Joel"]
[Result "1/2-1/2"]
[WhiteElo "2630"]
[BlackElo "2630"]
[Annotator "Har Zvi,R"]
[PlyCount "83"]
[EventDate "1997.01.18"]
[EventType "tourn"]
[EventRounds "13"]
[EventCountry "NED"]
[EventCategory "16"]
[SourceTitle "CBM 057"]
[Source "ChessBase"]
[SourceDate "1997.04.01"]
[SourceVersion "1"]
[SourceVersionDate "1997.04.01"]
[SourceQuality "1"]

1. e4 {Horvath,T} c5 2. Nf3 d6 3. Bb5+ Nd7 4. d4 Ngf6 5. Nc3 cxd4 6. Qxd4 g6 {
Die Alternativen sind 6...-a6,und 6...-e5.} (6... a6 7. Bxd7+ Bxd7 8. Bg5 h6 9.
Bxf6 gxf6 10. Nd5 $1 Rc8 11. O-O-O Qa5 12. Nb6 $1 Rc5 13. Nxd7 Kxd7 14. Kb1 {
+/-/+/= Ulibin,M-Istratescu,A/Moscow olm/1994/}) (6... e5 {this is probably
the main line in this position} 7. Qd3 h6 8. Be3 (8. Nd2 Be7 9. Nc4 O-O 10.
Bxd7 Bxd7 11. Nxd6 (11. Ne3 $6) 11... Qc7 12. Nf5 Bxf5 13. exf5 e4 14. Nxe4 $15
{><Kg1 Yudasin,L-Kasparov,G/Ljubljana/1995/} Qe5 15. f3 Rad8 16. Qc3 Qxf5 17.
O-O Nxe4 18. fxe4 Qxe4 $44 {Morovic Fernandez,I-Topalov,V Las Palmas/1994})
8... Be7 9. O-O (9. Bc4 O-O 10. O-O-O a6 11. Bb3 b5 12. Nd5 Nxd5 13. Bxd5 Rb8
14. Ba7 Rb7 15. Bxb7 Bxb7 16. Nd2 Nf6 17. f3 d5 $1) 9... O-O 10. Bc4 Nb6 11.
Bb3 Be6 12. Rfe1 $14 {Yudasin,L-Avrukh,B/Beersheba/1996/} Rc8 13. Nd2 Ng4 14.
Bxb6 Qxb6 15. Re2 $1) 7. e5 dxe5 8. Nxe5 Bg7 9. Bg5 O-O (9... a6 10. Nxd7 Bxd7
11. Bxd7+ (11. Bxf6 Bxf6 12. Bxd7+ Qxd7 13. Qxd7+ Kxd7 14. O-O-O+ Kc6 15. Nd5
Rhe8 16. Rhe1 Rad8 $1) 11... Qxd7 12. Qxd7+ Nxd7 13. Nd5 Rc8 $13 {Illescas
Cordoba,M-Topalov,V Las Palmas 1994 60/198 [Illescas Cordoba,M]} (13... Bxb2
14. Rb1) 14. O-O-O e6 15. Rhe1 h6 16. Bd2 Rc4 17. Bb4 Rd4 18. Rxd4 Bxd4) 10.
O-O-O Qa5 11. Nc4 (11. Bxd7 $2 Nxd7 $19) (11. Nxd7 Nxd7) 11... Qc7 12. Rhe1
Qxh2 13. Rxe7 (13. Rh1 {Horvath,T} Qxg2 14. Qh4 Qg4 {Kosikow-Kaminski/Sankt
Petersburg/1974. Rainer Kraut in seinem neuen Buch gibt als besser für Weiß}
15. Bxd7 Qxh4 16. Bxh4 Nxd7 17. Bxe7 Re8 18. Nd5) 13... Qxg2 {a novelty there
was only one other game in my database with this position where black played
a6 but got a worse position} (13... a6 14. Bxd7 Nxd7 15. Qe3 b5 16. Qf3 Rb8 17.
Bf4 Bh6 18. Bxh6 Qxh6+ 19. Ne3 $36 {Sharif,Me-Mantavani,R/Aosta Mitropa-Cup/
1988}) 14. Qh4 $1 h6 $6 (14... a6 15. Bxd7 Nxd7 16. Nd5 {with just a very
strong initiative for white}) 15. Bxh6 Qg4 16. Qh2 $1 Nc5 17. Bxg7 Kxg7 18. Ne3
(18. Rh1 Qh5 19. Qxh5 Nxh5 20. Nd6 $16) 18... Qh5 {it was probably better tp
play here Qh3 and after Qe5 just Qh5 tring to exchange the queens,altough
white is better in all cases} 19. Qg3 Be6 20. Be2 $1 Qh3 21. Qe5 $1 Rac8 22. b4
$5 {there was another very interesting move winning immediately} (22. Ncd5 $1
Bxd5 (22... Qh4 {here about everything is winning I will give few lines} 23.
Nc7 (23. Rg1 {also good enough} Rc6 24. Bb5) 23... Bxa2 24. Qxc5 Qxf2 25. Rf1
$18) 23. Nxd5 Qh4 (23... Nce4 24. f3 $18) 24. Bf3 $1 {and here black is simply
hopeless} a5 {since white was threatening b4 followed by Rd4; it is important
to see that the knight must be drivven away from c5 because black may
sometimes have Nd3} 25. Kb1 {simple...not giving Nd3,there is nothing against
Rh1 or Rd4} Rfe8 26. Nxf6 Qxf6 (26... Rxe7 27. Nh5+) 27. Rxe8 Rxe8 28. Qxe8
Qxf3 29. Qe5+ $18) 22... Na6 (22... Ncd7 23. Rdxd7 Bxd7 24. Ncd5 Qh1+ (24...
Rc6 {Horvath,T} 25. Nxf6 Rxf6 26. Nd5 $18) 25. Kb2 Qh4 26. Nxf6 Qxf6 27. Qxf6+
Kxf6 28. Rxd7 $18 {with a completely hopeless position for black}) {[%tqu "En",
"there is a simple move winning just a piece! Timman from some unknowen reason
had missed it and you?","","","c3e4","it is just unbelieveable what white had
missed in this position!!",5]} 23. Rxb7 $2 {it is just unbelieveable what
white had missed in this position!!} (23. Ne4 Qh4 24. Qxe6 {Probably Timman
had missed this move.which of course he should not even think about missing!} (
24. Rxe6 $1 {Horvath,T} fxe6 25. Rd7+ Rf7 $2 (25... Kh8 26. Nxf6 Rxf6 (26...
Qxf6 27. Qh2+) 27. Rf7 $18) (25... Kh6 26. Ng4+ Nxg4 27. Qg7+ Kh5 28. Qh7# $1)
(25... Kg8 26. Qxe6+ Kh8 27. Qe7 Qh7 28. Qxf6+ $18 Rxf6 29. Rxh7+ Kxh7 30.
Nxf6+ Kg7 31. Bxa6 $18) 26. Rxf7+ Kxf7 27. Nd6+ $1) 24... Rc6 (24... Nxb4 25.
Nd6) 25. Rd6 $18) 23... Nb8 24. Ne4 (24. Ncd5 {again for I do not know which
time this move was winning immediately} Bxd5 (24... Qh4 $2 25. Qxe6) 25. Nxd5
Qh4 26. Nxf6 Qxf6 27. Qxf6+ Kxf6 28. Rxa7 $18) 24... Qh4 25. Ng5 Bxa2 26. Ng4
$6 {still not a mistake but there was a better move deciding the game
immediately!} (26. Rg1 $1 {just bringing to only pieces which was not yet in
the attack and black can not hold even one more move!!} Nbd7 (26... Qxf2 27.
Nh3) 27. Rxd7 Qxb4 28. Ne6+ $1 Bxe6 29. Rxg6+ $3 Kxg6 30. Bd3+ {is the end})
26... Rc6 27. Nxf6 Rxf6 28. Rd6 (28. Bf3 $5 $16) 28... Qf4+ 29. Qxf4 Rxf4 30.
Kb2 (30. Rxa7 Rxf2 31. Bd3 $18 Kh6 32. Ne4 $2) 30... Rxf2 31. Kxa2 (31. Bd3 $18
Kh6 32. Ne4) 31... Kh6 (31... Rxe2 $18 {Horvath,T} 32. Ne6+) 32. Nxf7+ $4 {
an really really unbelieveable move there was really a simple win but Timman
probbly did not want to win this game!?} (32. Rd5 $1 Rxe2 33. Nxf7+ Kg7 34.
Nd8+ $1 Kh8 35. Rxb8 $18) 32... R8xf7 33. Rxf7 Rxf7 34. Bd3 Rg7 {even after
everything white is still better} 35. Kb3 (35. b5 $5 Nd7 $2 36. Bxg6) 35... Kh5
36. Be2+ $6 {just bringing black's king closer to the center,c4 was better} Kh4
37. Rd4+ Kg3 38. b5 Nd7 {and here finally white has about nothing!} 39. Kb4 Kf2
40. Bd1 Ke3 41. Rd6 Ne5 42. Re6 1/2-1/2

[Event "Mermaid Beach Club"]
[Site "Bermuda"]
[Date "1997.??.??"]
[Round "11"]
[White "Maiwald, Jens Uwe"]
[Black "Hjartarson, Johann"]
[Result "0-1"]
[WhiteElo "2495"]
[BlackElo "2585"]
[Annotator "Har Zvi,R"]
[PlyCount "80"]
[EventDate "1997.01.??"]
[EventType "tourn"]
[EventRounds "11"]
[EventCountry "BER"]
[EventCategory "11"]
[SourceTitle "CBM 058"]
[Source "ChessBase"]
[SourceDate "1997.06.01"]
[SourceVersion "1"]
[SourceVersionDate "1997.06.01"]
[SourceQuality "1"]

1. e4 {Horvath,T} c5 2. Nf3 d6 3. Bb5+ Nd7 4. d4 Ngf6 5. Nc3 cxd4 6. Qxd4 e5 (
6... g6 7. e5 dxe5 8. Nxe5 Bg7 9. Bg5 a6 10. Nxd7 Bxd7 11. Bxd7+ (11. Bxf6 Bxf6
12. Bxd7+ Qxd7 13. Qxd7+ Kxd7 14. O-O-O+ Kc6 (14... Kc8 {19/391}) 15. Nd5 Rhe8
16. Rhe1 Rad8 17. Nxf6 exf6 $11) 11... Qxd7 12. Qxd7+ Nxd7 13. Nd5 Rc8 $1 (
13... Bxb2 14. Rb1 Be5 15. Bxe7 $16) 14. O-O-O e6 15. Rhe1 h6 16. Bd2 Rc4 $1
17. Bb4 Rd4 18. Rxd4 Bxd4 $11 {Illescas Cordoba,M-Topalov,V Las palmas 1994 60/
198 [Illescas Cordoba,M]}) (6... a6 7. Bxd7+ Bxd7 8. Bg5 h6 (8... Bc6 9. O-O-O
h6 10. Bxf6 gxf6 11. Rhe1 b5 12. Kb1 e6 13. Nd5 Bg7 14. Qd3 h5 15. Nf4 Bf8 16.
Nd4 Bd7 17. Nf5 $1 $18 {Kramnik,V-Ljubojevic,L Monaco rapid 1995}) 9. Bxf6 gxf6
10. Nd5 $1 Rc8 (10... Rg8 11. O-O Bh3 12. Nh4 Rg4 13. Nb6 Rxh4 14. gxh3 $18)
11. O-O-O Qa5 12. Nb6 $1 Rc5 13. Nxd7 Kxd7 14. Kb1 $16 {Ulibin,M-Istratescu,A
Moscow 1994 64/195}) 7. Qd3 h6 8. O-O {The main lines for white are 8.Nd2 and
8.Be3.} (8. a4 a6 9. Bc4 Nc5 10. Qe2 Be7 11. h3 Bd7 12. O-O O-O (12... Bc6 $5)
13. Rd1 Nxa4 14. Nxa4 b5 15. Bb3 bxa4 16. Bxa4 Bb5 $1 $11 {Madl,I-Nunn,J
Hastings 1994}) 8... Be7 9. Bc4 O-O 10. Rd1 (10. a4 Qc7 11. h3 Nc5 12. Qe2 Be6
13. Bxe6 fxe6 14. Bd2 a6 15. Nh2 d5 16. exd5 exd5 17. Ng4 Nce4 $1 18. Rfe1 Bc5
19. Nxf6+ Nxf6 20. Qxe5 Bxf2+ 21. Kh1 Qf7 $36 {Tempone,M-Zarnicki,P Villa
Gesell 1996}) 10... a6 11. a4 Nb6 (11... b6) (11... Qc7 {Horvath,T} 12. Qe2 Nb6
13. Bb3 Be6 14. Nd2 Rac8 15. a5 Nc4 {Schwarz hat gutes Gegenspiel auf der
c-Linie, Mednis-Suba/Graz/1987}) 12. Ba2 Be6 13. Bxe6 fxe6 14. a5 Nbd7 15. Qc4
Kf7 {Das ist ein ungewöhnlicher, aber der einzige Zug.} 16. Be3 ({Interessant
ist} 16. Nh4 $5 {Horvath,T} Qc8 17. Qa2 Qc6 18. Nf5 Nxe4 $2 (18... Rac8 19.
Bxh6 $5 gxh6 20. Nxh6+ Kg6 21. Qxe6 $44) 19. Nxg7 Kxg7 (19... Nxc3 20. Qxe6+
Kxg7 21. Qxe7+ Rf7 22. Bxh6+ Kxh6 23. Rxd6+ $18) 20. Nxe4 Qxe4 21. Qxe6 Rf7 22.
Qxd7 Bh4 23. Bxh6+ $1 $18) 16... Qc8 17. Qb3 Ng4 18. Bb6 (18. Bd2 Qc6) 18...
Qc6 19. Ra4 (19. h3 {Horvath,T} Nxb6 20. hxg4 Nc4 21. Ra4 Rac8 $17 22. Nd2 $2
Nxb2) 19... Nxb6 (19... Rac8 20. Nd2 {and after Nxb6 21.axb6 it transposes to
the game}) 20. axb6 Rac8 21. Nd2 Qc5 22. Rf1 Rc6 (22... Bh4 23. g3 (23. Rc4
Bxf2+ 24. Kh1 Qe3) 23... Bg5 24. Rc4 (24. Nf3 Ke7 $1 $40 {[%csl Rb6,Rf2] /-/+})
24... Qa5 25. Ra4 Qc5 26. Rc4 $11) 23. Rc4 (23. Rb4 Bh4 24. g3 Be7) 23... Qxb6
24. Rb4 Qc5 25. Rxb7 Rfc8 26. Rb4 (26. h3 Nf6 27. Ra1 $14 {[%csl Ra6]}) 26...
Bd8 27. Qa4 Qa7 (27... Bb6 $4 28. Nb3 {[%csl Rc5]}) 28. Qb3 Be7 (28... Qc5) (
28... Qc5 $10 {Horvath,T}) 29. h3 Nf6 30. Ra1 Nh5 31. Nc4 (31. Rba4 $6 Bh4 32.
Rf1 (32. Nd1 $142 Rxc2 33. Rxa6 Qd4 $36) 32... Ng3 $1 33. Rfa1 (33. Re1 Nf5)
33... Ne2+) 31... Nf4 32. Ra5 (32. Rb7 Qa8 (32... Qc5 33. Ne3)) 32... Qc7 33.
Rb7 Qd8 34. Ra4 (34. Nb6 $6 R8c7 $1 35. Rxc7 Qxc7 36. Rxa6 Qb7 37. Qb5 Bd8 38.
Nca4 $8 Bxb6 (38... Rxc2 $6 39. Nc4 $1) 39. Nxb6 (39. Rxb6 $2 Rxb6 40. Nxb6
Qxe4) 39... Rxc2 40. Nc4 Qxb5 41. Nxd6+ Kf6 42. Nxb5 Rxb2 $11) 34... R6c7 35.
Kh2 (35. Rxc7 $1 {Horvath,T} Qxc7 36. Ne3 Rb8 37. Qa2 Qb6 38. Ncd1 $14) 35...
Rxb7 36. Qxb7 Qc7 37. Qxa6 (37. Qxc7 Rxc7 38. g3 $14 {/+/-} (38. Ne3 {Horvath,T
} Rb7 39. b3 Rc7 40. Na2 $1 d5 $2 41. g3 $16)) 37... Rb8 (37... Qc5 38. Qb6)
38. Nb5 $2 (38. g3 $1 {just playing one move in defence and probably winning
the game since after Ng6 black has really no attack and after 38...Qc5 white
has the strong 39.Qa7!} Qc5 39. Qa7 $1 $18) 38... Qc5 39. Nbxd6+ (39. Ncxd6+
Kg6 $1 40. Kg1 Rb6) 39... Kg8 40. Kg1 Rf8 $1 {and suddenly everything changed
in just one move by white 38.Nb5?? black who has no counter play now has a
decisive attack! as we will see white can not defend this position} 0-1

[Event "Ciocaltea Memorial"]
[Site "Bucharest"]
[Date "1997.??.??"]
[Round "2"]
[White "Iordachescu, Viorel"]
[Black "Solak, Dragan"]
[Result "1-0"]
[WhiteElo "2485"]
[BlackElo "2355"]
[Annotator "Har Zvi,R"]
[PlyCount "65"]
[EventDate "1997.03.??"]
[EventType "tourn"]
[EventRounds "13"]
[EventCountry "ROU"]
[EventCategory "10"]
[SourceTitle "CBM 060"]
[Source "ChessBase"]
[SourceDate "1997.09.29"]
[SourceVersion "1"]
[SourceVersionDate "1997.09.29"]
[SourceQuality "1"]

1. e4 {Marin,M} c5 2. Nf3 d6 3. Bb5+ Nd7 4. O-O Ngf6 (4... a6 $5) 5. Re1 a6 (
5... g6 $5) 6. Bf1 b6 {there are some other moves for black such as e5,Ne5,and
e6 but b6 is certainly black's main move in this position} 7. d4 (7. c4 Bb7 8.
Nc3 e6 (8... g6 9. d4 cxd4 10. Nxd4 Bg7 11. Bg5 O-O 12. Qd2 Rc8 13. Rac1 Re8
14. Nd5 e6 15. Nxf6+ Nxf6 16. f3 Qc7 $13 {Yusupov,A-Landenbergue,C
Garmisch-Partenkirchen 25' 1994}) 9. a3 (9. d4 cxd4 10. Nxd4 Be7 11. b3 O-O 12.
Bb2 Re8 13. Qf3 Bf8 14. Rad1 Qc7 15. Qg3 Rad8 16. Bd3 Qb8 $13 {Hansen,
Sub-Maksimenko,A Copenhagen op 1994}) 9... Be7 10. b4 O-O 11. Rb1 (11. d4 cxd4
12. Qxd4 Qc7 13. Bb2 Rfd8 14. Rac1 Rac8 15. Nd2 Qb8 16. Kh1 Bf8 17. f4 Nh5 18.
Qf2 d5 $132 {Kochethov,G-Guliev,L Nikolaev zt 1995}) 11... Qc7 12. Qb3 Rab8 13.
d3 Ng4 14. h3 Nge5 $13 {Campora,D-Spraggett,K Manila olm 1992}) 7... cxd4 8.
Nxd4 Bb7 9. c4 (9. f3 e6 10. a4 (10. c4 Be7 11. Nc3 O-O 12. Be3 Qc7 13. Rc1
Rac8 14. Qd2 Qb8 15. Qf2 Bd8 16. Qg3 $13 {Nadyrhanov,S-Gaponenko,I Krasnodar
1995}) 10... Be7 11. a5 b5 12. c4 bxc4 13. Bxc4 O-O $6 {Shirov,A-Kasparov,G
Linares 1994 60/197 [Shirov,A]} (13... d5 $142 14. exd5 Bxd5 (14... Nxd5 15.
Bxd5 Bxd5 16. Nf5 $13 {Shirov,A}) 15. Bf1 $1 O-O 16. Nc3 $13) 14. Bxe6 $1 fxe6
15. Nxe6 Qb8 16. Nxf8 Kxf8 $14) 9... e6 (9... Nxe4 10. f3 Nef6 (10... e5 11.
fxe4 exd4 12. Qxd4 Qh4 13. g3 Qh5 14. Nc3 $36 {[%csl Re8] Komliakov,V-Losev,D
Moscow 1990}) 11. Nf5 e6 12. Nxd6+ Bxd6 13. Qxd6 Qe7 14. Bf4 Nh5 15. Qxe7+ Kxe7
16. Be3 Bc6 17. Nc3 $14 {[%csl Ge3,Gf1] /+/- Komliakov,V-Vera,R Moscow (ol) 63/
(155) 1994}) 10. Nc3 Be7 11. f3 O-O 12. Be3 Qc7 13. Rc1 Rac8 14. Qd2 Qb8 15.
Kh1 Bd8 16. Bg1 Kh8 $146 {this is a stardand position in the hedgehog
structure,white has pawns on c4-e4 while black has his pawns along the 6 rank
e6-d6-b6-a6.white enjoyes a space advantage but normally it is very difficult
to use this fact since each try to break into black's camp must come with some
risk opening the center and the solid position white has,we can sum that white
is slightly better but has a difficult task doing something with it} (16... Bc7
17. Qf2 Kh8 18. b4 Qa8 19. Qb2 Ne5 20. Na4 Nfd7 21. a3 $14 {Iordachescu,
V-Ovsejevitsch,S/Nikolaev zt 1995/CBM 47/1/2-1/2 (41)}) 17. b4 Rg8 (17... Ne5
$5 18. Na4 d5 (18... Bc7 $5 19. Nb3 {[%csl Rb6]} Bc6 20. Nc3 {[%cal Ga2a4,
Ga4a5]}) 19. exd5 exd5 20. c5 b5 21. Nc3 $14 Nc4 22. Qc2 {[%csl Ra6,Rb5,Gc5]
[%cal Ga2a4]}) 18. Nb3 {white has several ideas in this position one of them
and not a bad one in to try and play a4-a5,so creating a weak a6 pawn for black
} Bc7 (18... Ne5 19. Na4) (18... g5 $132 {Marin,M}) 19. Qb2 {/^a1-g8, ><f6} g5
$5 {[%cal Ra1h8] this is a typical idea for black,he idea is very simply g5
secure the e5 square for the knight [ since white will not be able to play f4,
and g3 with f4 seems crazy when you have such a bishop facing white's king on
the h1-b7 diagonal ] then play something like Rg6-Rcg8 and even start to push
the "h" pawn} 20. Na4 Rg6 $2 (20... Bd8 $13 {Marin,M}) 21. c5 dxc5 22. bxc5 {
[%tqu "En","in a few moves form a solid closed position the position has been
opened when it seems white playes on the Queen's side and black should play on
the King's side,right now black may have also a problem on the a1-h8 diagonal,
but still there is a way for black to may things very complicated","","",
"c7e5","not the right move",10]} Rh6 $6 {not the right move} (22... Be5 $1 23.
Bd4 $6 (23. Qd2) (23. Qb1) 23... Bxh2 $3 24. Nxb6 Nxb6 25. Bxf6+ Kg8 26. cxb6
Rh6 {this is the critical position which results after 23.Bd4 and as we will
see black with a piece down has more than enough compensation probably he is
better} 27. Bxg5 (27. Bd4 {at the beginning I thought here white is atleast OK
but it seems he is losing immediately} Qf4 $1 {[%cal Gh2g3] the threat is Bg3
followed by Rh1 and Qh4-Qh2} 28. g4 Bg3+ 29. Kg1 Bxe1 30. Rxc8+ Bxc8 31. Qe2
Bg3 $19) 27... Rh5 (27... Be5+ 28. Bxh6 Bxb2 29. Rxc8+ Bxc8 30. Rb1 {seems not
bad at all for white} (30. Be3 $5)) 28. Qe2 {now the f4 square is defended by
white's bishop but black has atleast draw and maybe chances for more} Bf4+ $1 (
28... Bg3+ 29. Kg1 Bh2+ 30. Kh1 Bf4+ $1 (30... Bg3+ $11)) 29. Kg1 Rxg5 $36 {
[%csl Rb6,Rg1][%cal Gb8h2,Ga7g1]}) 23. h3 Bf4 $2 {as many many times [ almost
all the times! ] after the first mistake comes the second one 22...Rh6 is not
that terrible but after 23...Bf4 black has very difficult position,when white
has such safe king,strong pass "b" pawn,very strong pieces+ black 's king
seems very exposed can not be good news for black} (23... Be5) (23... b5 {
Marin,M} 24. Nb6) 24. Nxb6 $1 $16 Nxb6 25. cxb6 Bxc1 26. Rxc1 Rxc1 (26... Rd8
27. Rc7 $18) 27. Qxc1 {צh6} Bxe4 $4 $18 {black tries something,very strange
after the game is over immediately,it is very interesting to see how after one
mistake came another 2 and in less than 5 moves black's position has collapsed}
(27... Rg6 28. Nc5 {with what seems to be a very very difficult position for
black} (28. Qc7 $5)) 28. fxe4 Nxe4 29. Bd4+ e5 30. Qc7 Qxc7 31. bxc7 Rc6 32.
Bxe5+ f6 33. Bxa6 1-0

[Event "Ciocaltea Memorial"]
[Site "Bucharest"]
[Date "1998.??.??"]
[Round "9"]
[White "Yegiazarian, Arsen"]
[Black "Nevednichy, Vladislav"]
[Result "0-1"]
[WhiteElo "2455"]
[BlackElo "2550"]
[Annotator "Har Zvi,R"]
[PlyCount "112"]
[EventDate "1998.02.??"]
[EventType "tourn"]
[EventRounds "13"]
[EventCountry "ROU"]
[EventCategory "11"]
[SourceTitle "CBM 064"]
[Source "ChessBase"]
[SourceDate "1998.06.02"]
[SourceVersion "1"]
[SourceVersionDate "1998.06.02"]
[SourceQuality "1"]

1. e4 c5 2. Nf3 d6 3. Bb5+ Nd7 4. d4 cxd4 5. Qxd4 a6 6. Bxd7+ Bxd7 7. Nc3 e5 (
7... Qa5 $2 8. Bd2 Qc5 $6 9. Qxc5 dxc5 10. Nd5 $16 Rc8 11. Nb6 Rd8 12. Bf4 Bc6
13. Bc7 Bxe4 14. Bxd8 Bxf3 15. gxf3 Kxd8 16. O-O-O+ Kc7 17. Nd7 Nf6 18. Ne5 Rg8
19. Nxf7 g6 20. Rhe1 Nd7 21. f4 Rg7 22. Ng5 {1-0 Stean,M-Mestel,A/Canterbury
1973/MCD-r7}) (7... Nf6 8. Bg5 e5 (8... Bc6 9. O-O-O e6 10. Rhe1 Be7 11. Bxf6
Bxf6 12. Qxd6 Qxd6 13. Rxd6 Bxc3 14. bxc3 Ke7 15. Rd3 Rhc8 $44 16. Nd4 Be8 17.
Rg3 g6 18. e5 Rc5 19. Nb3 Rc4 20. Nd2 Ra4 21. Kb2 Bc6 22. c4 Rd8 23. Re2 b5 24.
cxb5 Bxb5 25. c4 Bxc4 26. Nxc4 Rxc4 {1/2-1/2 Zaitsev,I-Petkevich,J/Moscow 1994/
CBM 40}) 9. Qd3 Rc8 10. O-O-O Rxc3 11. Qxc3 Nxe4 12. Qe3 Nxg5 13. Nxg5 Be7 14.
Ne4 O-O 15. Kb1 Bc6 16. f3 d5 17. Ng3 Bd6 18. Nf5 Bc7 19. h4 Re8 20. g4 $14 {
1-0 Kacheishvili,G-Anastasian,A/Protvino zt 1993/CBM 35 (39) /+/-}) 8. Qd3 h6
9. Nd2 Nf6 (9... Rc8 10. Nc4 Be6 11. Nd5 Nf6 12. Nxf6+ Qxf6 13. Ne3 Be7 14. O-O
O-O 15. c4 Qh4 16. b3 Rc6 17. Ba3 Rfc8 $13 {1/2-1/2 Yegiazarian,O-Anastasian,A/
ARM-ch Erevan 1994/EXT 94ch (31)}) 10. Nc4 Be6 11. Ne3 Rc8 12. O-O Be7 13. Bd2
(13. Ncd5 Nxd5 14. Nxd5 Bxd5 15. Qxd5 Rxc2 16. Qxb7 Qc8 17. Qxc8+ Rxc8 18. Bd2
Kd7 19. Bc3 Rc4 20. f3 Ke6 21. Kf2 g6 22. Ke2 f5 $132 {1-0 Horvath,
T-Mowsziszian,K/BL9495 1995/BL 90 (57)}) 13... O-O {this is really quite a
solid position for both sides,black has the advantage of two bishops while on
the other hand he has a very weak square the "d5" one and also his "d6" pawn
can be considered as a weakness,I think in general this position is about equal
} 14. Rac1 {[%csl Rc2] defending the "c2" pawn so that after Nd5 white will be
able after both takes to take back with his queen,getting an endgame when
black has weak "d6" pawn,of course black will not allow this so quick} Qb6 15.
Rfd1 Rfd8 {now there a threat to take on "b2" since compared to the line above
black can play now Kf8 attacking the knight on "e7"} (15... Qxb2 $4 16. Rb1 Qa3
17. Ncd5 Qxd3 18. Nxe7+ Kh8 19. cxd3) 16. b3 Qd4 {forccing the exchange of
Queens,since white can not move his Queen becaue of Rxc3,I think this is OK
for black to change Queens since he has really only one weakness,and has soem
counter-play for it not too bad} 17. Be1 Qxd3 18. Rxd3 b5 {[%cal Gb5b4] not
allowing white to play a4-a5 which is a correct idea} 19. f3 g6 20. a4 Rb8 (
20... bxa4 $5 21. Nxa4 {[%csl Ra6]} d5 $5 22. Nb6 (22. Ba5 dxe4 23. Bxd8 Bxd8
24. Rc3 $14 {/+/-}) 22... dxe4 23. Nxc8 Rxc8 24. Rc3 {when again black has
compensation here but not enough white is better}) (20... b4 $6 21. Ncd5 (21.
Na2 a5) 21... Bxd5 22. exd5 (22. Nxd5 Nxd5 23. Rxd5 Bg5 $132) 22... a5 23. Nc4
Rc5 24. Rcd1 $14 {[%csl Ra5] /+/-}) 21. axb5 axb5 22. Rcd1 Rdc8 23. Na2 {
threatening Bb4 followed by Nc3} Nd7 $1 24. Nb4 (24. Bb4 Nc5 25. R3d2 f5 $132)
24... Nc5 25. R3d2 f5 $132 26. Ned5 Bf8 27. Bf2 Rb7 (27... fxe4 28. Nf6+) 28.
Ra1 fxe4 29. Nf6+ Kg7 30. Nxe4 Nxe4 31. fxe4 g5 $1 {[%csl Re4][%cal Ge6f7,
Gf7g6] so the basic structure of the position has not changed yet,black has
still his weak "d6" pawn but he managed to give white a weakness of his one
the "e4" pawn} 32. h3 h5 33. Ra6 Bf7 34. Re2 Be7 35. Be1 Bf8 36. Bd2 Be7 37.
Bc1 g4 38. hxg4 hxg4 39. Ba3 Rbc7 40. Bb2 Rb7 41. Nd5 $2 {a draw could and
should have been the normal result in this game,white really has nothing here,
and I think that after move 17 the position is just about equal,but now white
decides to take action and,and he is even willing to change the structure in
the position,which turnes out to be a serious mistake} (41. Ba3 $11) 41... Bxd5
42. exd5 Rc5 $15 {[%csl Rc2,Rd5] /-/+} (42... Rbc7 $6) 43. Re4 $2 {a decisive
mistake,I suspect that white was in time trouble and did not notice ha has
already played move number 40} (43. Kh2 Rbc7 (43... Rxd5 44. Kg3 {[%csl Rg4]})
44. c3 Rxd5 45. Kg3 Rd3+ 46. Kxg4 b4 47. cxb4 Rxb3 $17 {[%csl Rb4,Gd6,Ge5,Rg2]
a claasic endgame,two connected pawns in the center against pawns in the
flanks,about winning endgame for black}) 43... Rxc2 44. Rxg4+ Kf7 45. Ba3 (45.
Ba1 Rd2 {[%csl Rd5][%cal Gb7c7,Gc7c2]}) 45... Ra2 $19 {[%cal Gb5b4]} 46. b4 (
46. Ra5 b4 47. Bxb4 (47. Rxb4 Rxa3) 47... Rxb4) 46... Rd2 {[%csl Ra3,Rd5]} 47.
Ra8 Rxd5 48. Rh8 Rd3 49. Bb2 Rc7 50. Rh7+ Kf6 51. Rf4+ Ke6 52. Rf2 Rc4 53. Rh6+
Kd5 54. Rh7 Bg5 55. Re2 Rxb4 56. Rc2 Rd2 0-1